Guess the Taylor Swift song with no hints - Statistics

General Stats
  • This quiz has been taken 238,591 times
    232,459 since last reset
  • The average score is 106 of 222
Answer Stats
Answer % Correct
I
96%
a
93%
you
93%
You
93%
the
86%
The
86%
me
85%
we
79%
to
71%
When
70%
when
70%
And
68%
and
68%
on
66%
in
64%
it
64%
It
64%
no
63%
my
62%
your
62%
Your
62%
So
60%
were
60%
was
57%
were
53%
of
50%
that
50%
That’s
50%
us
50%
time
49%
with
49%
up
48%
how
45%
How
45%
How’d
45%
like
45%
day
43%
one
42%
say
42%
see
42%
end
41%
what
41%
at
39%
maroon
39%
they
37%
now
35%
came
34%
every
34%
friend
34%
lost
33%
again
32%
dancing
32%
floor
32%
scarlet
32%
did
31%
morning
31%
shoes
31%
sky
31%
wine
31%
call
30%
home
30%
saw
30%
t-shirt
30%
way
30%
anyway
29%
blood
29%
into
29%
New York
29%
roommate’s
29%
rosé
29%
off
28%
splashed
28%
cause
27%
cheeks
27%
track
27%
burgundy
26%
chose
25%
closest
25%
lips
25%
looked
25%
rushed
25%
cleaning
24%
had
24%
hell
24%
top
24%
used
24%
cheap-ass
23%
feet
23%
lap
23%
screw
23%
hands
22%
Laughing
22%
leave
22%
real
22%
shelf
22%
telephones
22%
vinyl
22%
between
21%
collarbone
21%
head
21%
incense
21%
mark
21%
rust
21%
always
20%
grew
20%
lose
20%
feel
19%
over
19%
fucking
18%
legacy
18%
shit
18%
thought
18%
gave
17%
sight
15%
standing
15%
blind
14%
hazy
14%
Ain’t
13%
ends
13%
memory
13%
shaking
13%
silence
13%
Carnations
12%
hallway
12%
roses
12%
matter
11%
rubies
10%
Sobbing
10%
wake
10%
hollow-eyed
8%
No matching quizzes found
Score Distribution
Percent of People with Each Score
Percentile by Number Answered
Your Score History
You have not taken this quiz since the last reset